| 000 | 01018 a2200169 4500 | ||
|---|---|---|---|
| 020 | _a0072335424 (hardcover) | ||
| 020 | _a9780072335422 (hardcover) | ||
| 090 |
_c5556 _d5556 |
||
| 100 | 1 | _aGujarati, Damodar N. | |
| 245 | 1 | 0 |
_aBasic econometrics / _cDamodar N. Gujarati. |
| 250 | _a5th ed. | ||
| 260 |
_a[S.l.] : _bMcGraw-Hill Companies, _c2003. |
||
| 300 |
_a1002 p. ; _c24 cm. |
||
| 520 | _aThis is a thorough revision of the best-selling undergraduate Econometrics text.Accessible, complete, and student-oriented, Basic Econometrics is appropriate for first courses in Econometrics at all four-year colleges and universities.In addition to a first-rate text, students have access to the SHAZY student version of SHAZAM, an inexpensive version of a widely used econometrics package, as well as data sets (free on adoption to instructors) for problem and example material in the text. | ||
| 856 | 4 | 0 |
_3Amazon.com _uhttp://www.amazon.com/exec/obidos/ASIN/0072335424/chopaconline-20 |
| 942 |
_aNBS _cBK _k330.015195 GUJ |
||
| 999 |
_c347960 _d347960 |
||